000
00267nam a22001217a 4500
008
181226b xxu||||| |||| 00| 0 eng d
041
_a
eng
080
_a
159.9
100
_a
49
101
_a
PSI
245
_a
The Psychology of Society
_c
Sennett, R
942
_2
udc
_c
BK
999
_c
53805
_d
53805